[Event "Temuco op 2nd"]
[Site "Temuco"]
[Date "2025.01.12"]
[Round "5"]
[White "Estay Torreblanca, Oscar"]
[Black "Toloza Fabian, David"]
[Result "1-0"]
[WhiteElo "2087"]
[BlackElo "1894"]
[PlyCount "65"]
[EventDate "2025.01.10"]
[EventType "swiss"]
[EventRounds "9"]
[EventCountry "CHI"]
[SourceTitle "CB04_2025"]
[SourceDate "2025.01.22"]
[SourceVersion "1"]
[SourceVersionDate "2025.01.22"]
[SourceQuality "1"]

1. Nf3 d5 2. d4 Nf6 3. e3 c5 4. c3 Nc6 5. Bd3 Bg4 6. Nbd2 e6 7. h3 Bh5 8. 0-0 cxd4 9. exd4 Bd6 10. Re1 0-0 11. Nf1 Qc7 12. Bg5 Kh8 13. Bh4 Bg6 14. Bxg6 hxg6 15. Ng5 Ne7 16. Bg3 Nf5 17. Bxd6 Qxd6 18. Qd3 b5 19. Qxb5 Qf4 20. Nf3 g5 21. Qe2 Nh4 22. Ne5 Qe4 23. Qxe4 Nxe4 24. f3 Nd6 25. Ne3 f6 26. Nd7 Rfe8 27. Nc5 Kg8 28. Kf2 Kf7 29. a4 Ng6 30. g3 Rh8 31. Kg2 Rab8 32. b4 a5 33. Reb1 1-0